| 000 | 00358nam a22001337a 4500 | ||
|---|---|---|---|
| 082 |
_a297.52 _bNAD _cL-31-II P-32 |
||
| 100 |
_aNadvi, Mulana Syed abdul hasan Ali _950767 |
||
| 245 | _aارکان اربع | ||
| 260 |
_aKarachi, _bMajlis Nashriyat islam, |
||
| 300 | _a399p. | ||
| 500 | _aMCE | ||
| 526 |
_a0 _b0 _c0 _d297_520000000000000_NAD |
||
| 942 |
_2ddc _cBK |
||
| 999 |
_c553525 _d553525 |
||